000 00733nam a2200229Ia 4500
003 OSt
005 20240729101345.0
008 210716s2009 xx 000 0 und d
020 _a9780070147263
040 _cAIMIT LIBRARY
041 _aeng
082 _a374.22
_21
_bSHAT
100 _aShahar, Tal Ben.
_9174297
245 _aPursuit of perfect :
_bhow to stop chasing perfection and start living a richer happier life /
_cBy Ben-Shahar, Tal.
250 _a1st ed.
260 _aNew Delhi ;
_bTata McGraw Hill Publishing Company Ltd ,
_c2009.
300 _axxv,245p. ;
_bPB
_c22 cm
650 _aThe theory
_9174298
650 _aApplications
_9174299
650 _aMeditations
_9174300
942 _2ddc
_cBK
_e1st
_k374.22 BENT
999 _c209389
_d209389